9-kirjaimiset pääkaupungit - Statistics

Yleistilastot
  • Tätä visaa on pelattu 68 kertaa
  • Keskiarvotulos 15 / 23
Vastaustilastot
Maanosa Pääkaupunki % Oikein
Eurooppa Reykjavík
89%
Eurooppa Amsterdam
84%
Aasia Jerusalem
84%
Aasia Pjongjang
79%
Eurooppa Podgorica
79%
Eurooppa San Marino
79%
Aasia Kathmandu
68%
Eurooppa Luxemburg
68%
Afrikka Mogadishu
68%
Aasia Singapore
68%
Eurooppa Vatikaani
68%
Aasia Islamabad
63%
Eurooppa Ljubljana
63%
Aasia Ulan Bator
63%
Oseania Nukuʻalofa
58%
Aasia Phnom Penh
58%
Afrikka Port Louis
58%
Pohjois-Amerikka Kingstown
53%
Oseania Ngerulmud
53%
Aasia Vientiane
53%
Aasia Naypyidaw
47%
Afrikka Porto Novo
47%
Pohjois-Amerikka St. George’s
47%
Ehtoja vastaavia visoja ei löytynyt
Tulosjakauma
Jokaisen tuloksen saaneiden osuus
Persentiili vastausten määrän mukaan
Tuloshistoriasi
Et ole pelannut tätä visaa